Dominica : 2007 Article IV Consultation-Staff Report; Staff Supplement; and Public Information Notice on the Executive Board Discussion.

This 2007 Article IV Consultation highlights that Dominica has fully recovered from the 2001-02 economic and financial crisis. Output growth has rebounded, reaching 4 percent in 2006, and it is expected to remain above trend in 2007. The rebound is driven by a pickup in tourism, recovery in banana p...

Descripció completa

Dades bibliogràfiques
Autor corporatiu: International Monetary Fund
Format: Revista
Idioma:English
Publicat: Washington, D.C. : International Monetary Fund, 2007.
Col·lecció:IMF Staff Country Reports; Country Report ; No. 2007/322
Accés en línia:Full text available on IMF
LEADER 01718cas a2200241 a 4500
001 AALejournalIMF009588
008 230101c9999 xx r poo 0 0eng d
020 |c 5.00 USD 
020 |z 9781451810967 
022 |a 1934-7685 
040 |a BD-DhAAL  |c BD-DhAAL 
110 2 |a International Monetary Fund. 
245 1 0 |a Dominica :   |b 2007 Article IV Consultation-Staff Report; Staff Supplement; and Public Information Notice on the Executive Board Discussion. 
264 1 |a Washington, D.C. :  |b International Monetary Fund,  |c 2007. 
300 |a 1 online resource (58 pages) 
490 1 |a IMF Staff Country Reports 
500 |a <strong>Off-Campus Access:</strong> No User ID or Password Required 
500 |a <strong>On-Campus Access:</strong> No User ID or Password Required 
506 |a Electronic access restricted to authorized BRAC University faculty, staff and students 
520 3 |a This 2007 Article IV Consultation highlights that Dominica has fully recovered from the 2001-02 economic and financial crisis. Output growth has rebounded, reaching 4 percent in 2006, and it is expected to remain above trend in 2007. The rebound is driven by a pickup in tourism, recovery in banana production, and buoyant construction and offshore school activity. Inflation has remained subdued, reflecting stabilizing oil prices, and is projected to remain low. The external current account deficit narrowed sharply in 2006, and is likely to remain large at about 20 percent of GDP in 2007. 
538 |a Mode of access: Internet 
830 0 |a IMF Staff Country Reports; Country Report ;  |v No. 2007/322 
856 4 0 |z Full text available on IMF  |u http://elibrary.imf.org/view/journals/002/2007/322/002.2007.issue-322-en.xml  |z IMF e-Library